000 01240nam2a2200217 4500
001 RU\NLR\BIBL_A\021973480
005 20250625071728.0
010 _a978-5-00201-089-9
035 _a(NLR Aleph) 021973480
090 _a12370941
_c12370941
100 _a20230704d2022 |||y0rusy50 ca
101 0 _arus
102 _aRU
200 0 _aВып. 93
210 _d2022
_aБ. м.
461 0 _1001RU\NLR\Per\792958
_12001#$aАктуальные вопросы пресноводной аквакультуры$eсборник научных трудов$fФедерал. гос. унитар. предприятие Всерос. НИИ пресновод. рыб. хоз-ва (ФГУП ВНИИПРХ)$vВып. 93
_92019765
_cМосква
_d2005 -
_fФедерал. гос. унитар. предприятие Всерос. НИИ пресновод. рыб. хоз-ва (ФГУП ВНИИПРХ)
_nВсероссийский НИИ пресноводного рыбного хозяйства (ВНИИПРХ)
_oсборник научных трудов
_tАктуальные вопросы пресноводной аквакультуры
_vВып. 93
852 _aNLR
_jП13/1254
942 _cISSUE
980 _aNB
980 _aRUSPER